1491 1553 1994 1166 1914 1603 1493 1273 1515 1985 1870 1751 1906 1172 1643 1349 1834 1990 1898 1183 1804 1080 1331 1470 1651 1967 1731 1848 1616 1802 1836 1392 1053 1496 1538 1763 1466 1639 1197 1643 1563 1369 1326 1932 1236 1200 1884 1741 1976 1889 1916 1856 1494 1178 1604 1539 1430 1462 1125 1698 1126 1434 1492 1948 1411 1981 1487 1709 1332 1673 1708 1103 1120 1894 1959 1608 1490 1096 1217 1448 1881 1956 1266 1349 1551 1533 1233 1396 1201 1600 1881 1246 1250 1352 1386 1094 1229 1635 1714 BCNSPRNW ULIB Ver.6.0+V

เปลี่ยนเป็นภาษาไทย

Change to English
 แสดงรายละเอียดบรรณานุกรม
  กลับหน้าหลัก

Brief Record : Get Marc (ISO 2709) : E-mail record : QR code < ปิดหน้าต่าง
LEADER : 00000nam 2200000uu 4500
001    13399110520
003     ULIB
008    110602s2547||||th 000 0 tha d
020    9741329121
060 04 WP630^bด315ฮ 2547
100 0  ดำรง เหรียญประยูร
245 10 ฮอร์โมนคุมกำเนิด /^cดำรง เหรียญประยูร
250    พิมพ์ครั้งที่ 1
260    กรุงเทพฯ :^bดีไซร์,^c2547
300    95 หน้า
650  7 ยาคุมกำเนิด
650  7 สารคุมกำเนิด
945    ^p150^l0^i018841
995    ทศพร
999 ^a ใช้งานได้ทุกระบบ
รายการนี้ยังไม่มีแท็ก
คุณยังไม่ได้ล็อกอิน คุณสามารถมีกิจกรรมร่วมกับเว็บไซต์ได้ แต่ต้องล็อกอินก่อน ::
  ล็อกอิน

รายการสื่อสารสนเทศ

ลำดับที่ ประเภท เลขเรียก/บาร์โค้ด สถานที่ สถานะ
- ไม่พบข้อมูล -

BibComment


ยังไม่เคยถูกคอมเมนท์

คอมเมนท์ทรัพยากรรายการนี้
  คอมเมนท์: ฮอร์โมนคุมกำเนิด ..


 Copyright 2026. Bcnsprnw @Library